| 000 | 00683nam a2200205Ia 4500 | ||
|---|---|---|---|
| 999 |
_c41859 _d41859 |
||
| 001 | 8542 | ||
| 003 | GE_BSU | ||
| 005 | 20240502163136.0 | ||
| 008 | 181216s2011||||enk|||||||||||||| ||eng|| | ||
| 020 | _a9785478013240 | ||
| 040 | _cGE_BSU | ||
| 041 | _a eng | ||
| 080 | _a327(076) Б-16 | ||
| 100 |
_aБожанов, Е. П. _922050 |
||
| 245 |
_aМеждународные отношения в XXI веке = International relations in the XXI century / _cЕ. П. Божанов. |
||
| 264 |
_aМосква : _bВосток-Запад, _c2011. |
||
| 300 |
_a168 стр. ; _c22 см. |
||
| 653 | _aМеждународные отношения в XXI веке | ||
| 942 |
_cBK _2udc |
||